Villes de Haute-Garonne (31) - Mort subite - Statistiques

Statistiques générales
  • Ce quiz a été pris 564 fois
  • Le résultat moyen est 7 sur 20
Answers on the Grid
Answers color-coded by a green-red scale on the quiz's grid according to % correct below.
Toulouse
Martres-Tolosane
Saint-Gaudens
Muret
Blagnac
Revel
Cazères
Villemur-sur-Tarn
Bagnères-de-Luchon
Auterive
Tournefeuille
Aurignac
Salies-du-Salat
Saint-Bertrand-de-Comminges
Plaisance-du-Touch
Castanet-Tolosan
Grenade
Montréjeau
Carbonne
Pamiers
L'Isle-Jourdain
Lannemezan
Bagnères-de-Bigorre
Toulouges
Castelnaudary
Lavaur
Verdun-sur-Garonne
Vielha
Quillan
 
Statistiques - réponses
Réponse % Correct
Toulouse
70%
Blagnac
57%
Muret
55%
Tournefeuille
48%
Saint-Gaudens
44%
Plaisance-du-Touch
40%
Castanet-Tolosan
39%
Auterive
33%
Carbonne
33%
Revel
32%
Martres-Tolosane
31%
Grenade
29%
Bagnères-de-Luchon
28%
Cazères
27%
Saint-Bertrand-de-Comminges
22%
Montréjeau
21%
Villemur-sur-Tarn
18%
17%
Salies-du-Salat
16%
Aurignac
15%
Aucun quiz correspondant
Distribution des résultats
% des personnes avec chaque résultat
Percentile par nombre de réponses
Votre historique - résultats
Vous n’avez pas pris ce quiz